Statistiques concernant Histoire commençant par la lettre R

Cliquez ici pour prendre le quiz!

Statistiques générales

  • Ce quiz a été pris 5 929 fois
    (5 107 depuis la dernière actualisation)
  • Le résultat moyen est 11 sur 20

Statistiques - réponses

IndiceRéponse% Correct
Depuis cette époque nous en sommes aujourd'hui à la cinquièmeRépublique
93%
Pays que ni Napoléon ni Hitler n'ont réussi à conquérirRussie
93%
Période de l'histoire occidentale s'étendant du XV au XVIIème siècleRenaissance
90%
Probablement la république puis l'empire ayant le plus marqué le monde occidentalRome
89%
Où les Hutus ont massacrés les Tsutsis en 1994Rwanda
83%
Ministre principal de Louis XIII et plus célèbre cardinal de FranceRichelieu
77%
Nom de famille de deux présidents des États-UnisRoosevelt
66%
Henri Becquerel, Pierre et Marie Curie ont reçu un prix Nobel pour leurs
travaux sur ce phénomène physique
Radioactivité
64%
Grand pharaon, Pharaon bâtisseur ou encore Ozymandias, ce grand guerrier
et conquérant et l'un des plus célèbres pharaons
Ramsès II
61%
De la fin de la monarchie absolue jusqu'au début du premier empireRévolution française
59%
Assemblée parlementaire allemande dont le palais a été brûlé en 1933Reichstag
54%
Fleuve bien connu pour avoir été franchi par Jules CésarRubicon
52%
Peintre du siècle d'or néerlandaisRembrandt
50%
Célèbre "generalfeldmarschall" allemand de la Seconde Guerre mondialeErwin Rommel
41%
Ancien nom du ZimbabweRhodésie
41%
Famille banquière d'origine juive allemande et aux multiples nationalitésRothschild
38%
Fondateur de la Standard Oil, il est considéré comme l'homme le
plus riche de tous les temps
John D. Rockefeller
26%
Capitale de la confédération USRichmond
19%
Nom du régime colonial britannique que connait le sous-continent
indien de 1858 à 1947
{Raj} britannique
13%
Roi d'Écosse qui lui a assuré son indépendance en 1314Robert Ier d'Écosse
12%

Distribution des résultats

Percentile par nombre de réponses

% des personnes avec chaque résultat

Votre développement - résultats

Vous n’avez pas pris ce quiz depuis la dernière actualisation